[Event "Zug Young Masters"]
[Site "Zug"]
[Date "2001.10.18"]
[Round "10"]
[White "Fressinet, Laurent"]
[Black "Pelletier, Yannick"]
[Result "1/2-1/2"]
[WhiteElo "2606"]
[BlackElo "2531"]
[Annotator "Pelletier,Y"]
[PlyCount "45"]
[EventDate "2001.10.09"]
[EventType "tourn"]
[EventRounds "11"]
[EventCountry "SUI"]
[EventCategory "9"]
[SourceTitle "CBM 086"]
[Source "ChessBase"]
[SourceDate "2002.02.05"]
[SourceVersion "1"]
[SourceVersionDate "2002.02.05"]
[SourceQuality "1"]

1. e4 c5 2. Nf3 d6 3. d4 cxd4 4. Nxd4 Nf6 5. Nc3 a6 6. Be3 e6 7. g4 e5 8. Nf5
g6 9. g5 gxf5 10. exf5 d5 11. Qf3 d4 12. O-O-O Nbd7 13. Bd2 Qa5 {Dieser Zug
wurde erstmals an der spanischen Manschaftsmeisterschaft in der Begegnung
Shirov-Illescas erprobt. Dort erging es dem Nachziehenden schlecht und Shirov
konnte einen weiteren Sieg in dieser scharfen Variante erzielen. Doch ich
hatte eine Verbesserung vorbereitet.} 14. Bc4 $1 ({Laurent weicht selber von
der Spielweise Shirovs ab, auch wenn diese Neuerung nur zum Remis reicht.} 14.
gxf6 dxc3 15. Bxc3 Qxa2 16. Qe3 Nb6 $4 17. Qxe5+ Be6 18. fxe6 $18 {geschah in
der erwähnten Partie, aber anstatt 16...Nb6?? ist 16...Qa1+ 17.Kb1 Qa4 für
Schwarz vorteilhaft.}) 14... dxc3 15. Bxc3 Bb4 (15... Qc5 16. Bb3 $44 (16. Qe2
$2 b5)) 16. gxf6 Bxc3 ({Gut sieht} 16... Nxf6 {aus, aber Weiss findet mittels}
17. Rd6 $1 {genügend Gegenspiel.} (17. Bxb4 Qxb4 18. Qg3 Qe7 19. Rhe1 e4 20. f3
Bxf5 21. fxe4 Be6 $19) {z.B:} 17... Bxc3 (17... Ke7 18. Rxf6 $1 Kxf6 19. Qh5
Bxc3 20. Qxf7+ Kg5 21. Qg7+ Kf4 22. Qg3+ Kxf5 23. Qf3+ Kg6 24. Rg1+) 18. Rxf6
Bd2+ 19. Kb1 Rf8 20. Rg1 (20. Rd1 Ke7 $1) 20... Ke7 21. Qh5 Kxf6 22. Qh4+ Kxf5
23. Qg4+ Kf6 24. Qh4+ {mit Dauerschach}) 17. Bxf7+ $1 Kxf7 ({Schwarz muss
nicht ins Remis einwilligen sondern kann mittels} 17... Kd8 {weiterspielen.
Die Stellung erschien mir aber nach} 18. bxc3 {, gefolgt von Be6 und evt.
Turmverdoppelung auf der d-Linie, sehr gefährlich.}) 18. Qh5+ Kxf6 (18... Kf8
19. Qh6+ Ke8 20. f7+ {ändert nichts.}) 19. Qh6+ Kf7 (19... Kxf5 {zog ich wegen}
20. Rd6 {kaum in Betracht, doch Schwarz rettet sich dank} Bd2+ 21. Rxd2 Qxa2
22. Rd6 Qa1+ (22... Qg8 23. f4 $18) 23. Kd2 Qxh1 24. Qh3+ {und wieder
Dauerschach.}) 20. Qe6+ Kf8 21. Qd6+ Ke8 22. Qe6+ Kf8 ({Mehrere Züge zuvor
hatte ich die weisse Opferstrategie als Bluff bezeichnet, denn ich hatte das
Schach auf d6 nach} 22... Kd8 23. Qf6+ Kc7 24. Qd6+ {übersehen!}) 23. Qd6+
1/2-1/2

[Event "FRA-ch"]
[Site "Narbonne"]
[Date "1997.08.16"]
[Round "2"]
[White "Santo Roman, Marc"]
[Black "Lepelletier, Benoit"]
[Result "1-0"]
[WhiteElo "2385"]
[BlackElo "2480"]
[Annotator "Petursson,M"]
[PlyCount "45"]
[EventDate "1997.08.15"]
[EventType "tourn"]
[EventRounds "15"]
[EventCountry "FRA"]
[EventCategory "9"]
[SourceTitle "CBM 061"]
[Source "ChessBase"]
[SourceDate "1997.11.23"]
[SourceVersion "1"]
[SourceVersionDate "1997.11.23"]
[SourceQuality "1"]

1. e4 c5 2. Nf3 e6 3. d4 cxd4 4. Nxd4 Nf6 5. Nc3 d6 6. g4 Nc6 7. g5 Nd7 8. Be3
Be7 9. Rg1 a6 10. Qh5 O-O 11. O-O-O g6 (11... Re8 12. Rg3 (12. Bc4 g6 13. Qe2
Nxd4 14. Rxd4 b5 15. Bb3 Nc5 16. h4 Bd7 17. h5 Rb8 18. hxg6 fxg6 19. e5 dxe5
20. Rh4 Nxb3+ 21. axb3 Bc6 22. Qg4 Bf8 23. Ne4 Bxe4 24. Qxe4 Qd5 25. Rd1 Qxe4
26. Rxe4 Rbd8 {1/2-1/2 Morris,W-Sigurjonsson,G/Lone Pine op 1979/MCL 03}) 12...
g6 (12... Nxd4 13. Bxd4 b5 14. Kb1 e5 15. Be3 g6 16. Qh6 Bf8 17. Qh4 Bb7 18.
Rh3 h5 19. Be2 Bg7 20. Rxd6 Qc7 21. Rd2 Rac8 22. Bd1 Rcd8 23. Nd5 Bxd5 24. Rxd5
Nb6 25. Rd3 Na4 26. Bc1 Nc5 27. Rxd8 Rxd8 28. Be2 Ne6 29. Rd3 Nd4 30. Bd1 b4
31. f3 Bf8 32. Qe1 Rc8 33. Qf2 Ne6 34. Qd2 Bc5 35. Rd7 Qb6 36. Qd5 Qb5 37. Rb7
Qf1 38. Qd7 Rf8 39. c3 bxc3 40. Bb3 Be3 41. Qd1 Qxd1 42. Bxd1 Bxc1 43. Kxc1
cxb2+ 44. Kxb2 h4 45. Rb6 Nxg5 46. Rxa6 Rd8 47. Kc1 Kg7 48. Rc6 Ne6 49. Rc3 Nd4
50. a4 f5 51. exf5 gxf5 {1/2-1/2 Santo Roman,M-Bischoff,K/FRA-FRG Uzes 1990/
EXP 21}) (12... Nf8 13. f4 Bd7 14. f5 Nxd4 15. Bxd4 exf5 16. Nd5 Ng6 17. Bc4
Be6 18. exf5 Bxf5 19. Nf6+ Bxf6 20. gxf6 Qd7 21. Rf1 Rac8 22. Bb3 Be6 23. fxg7
Bxb3 24. axb3 Qb5 25. Qf3 Rc7 26. Rfg1 Qe2 27. Qf5 Re4 28. Rc3 Rxd4 29. Rxc7
Qe3+ 30. Kb1 Qxg1+ 31. Ka2 Rf4 32. Qc8+ Kxg7 33. Qxb7 Qd4 34. Qxa6 Rf2 35. Qb7
Qf6 36. b4 Rxh2 37. b5 Rh4 38. Qa6 Rb4 {0-1 Begnis,N-Matthaei,A/BL2-W 1996/BL2}
) 13. Qe2 Bf8 14. Kb1 Qc7 15. h4 Nxd4 16. Bxd4 b5 17. h5 b4 18. Na4 Bb7 19.
hxg6 fxg6 20. b3 d5 21. exd5 Bxd5 22. Bh3 Nc5 23. Nxc5 Bxc5 24. c4 Bxd4 25.
Rxd4 Qg7 26. Rd1 Bc6 27. Rd6 Bd7 28. Rgd3 Ra7 29. Qe3 Bc8 30. c5 Rae7 31. c6
Qf8 32. f3 e5 33. Rf6 Qg7 34. Bxc8 Rxc8 35. Qe4 Kh8 36. Rdd6 Rce8 37. Kb2 a5
38. Kb1 a4 39. bxa4 Ra7 40. Qd5 e4 41. fxe4 Qc7 42. Qd4 {1-0 Van Riemsdijk,
D-Najdorf,M/Sao Paulo 1978/MCL 07}) 12. Qh4 Qc7 13. f4 Re8 14. Rg3 Bf8 15. Rh3
h5 16. Be2 Nb6 {[%tqu "En","Can you find a winning move for White?","Sacrifice
to clear the way to his king!","Get rid of his h pawn!","e2h5","",15]} 17. Bxh5
$1 gxh5 {[%tqu "En","Can you follow up with an extremely strong move?","The
right move is much stronger then the simple Qh4xh5.  Sacrifice again to get
the d5 square for a knight!","Force him to play e6xf5","d4f5","",10,"h4h5","",
0]} 18. Nf5 $1 (18. Qxh5 Bg7 19. Nf5 exf5 20. Bxb6 Qxb6 21. Nd5 $4 Qxb2+) 18...
exf5 19. Bxb6 Qd7 20. Nd5 Re6 21. Nf6+ Rxf6 22. gxf6 Bh6 23. Qxh5 1-0

[Event "FRA-ch 58 Championnat"]
[Site "Belfort"]
[Date "1983.08.17"]
[Round "6"]
[White "Seret, Jean Luc"]
[Black "Giffard, Nicolas"]
[Result "1-0"]
[WhiteElo "2375"]
[BlackElo "2345"]
[Annotator "Primel,D"]
[PlyCount "107"]
[EventDate "1983.08.12"]
[EventType "tourn"]
[EventRounds "15"]
[EventCountry "FRA"]
[EventCategory "2"]
[SourceTitle "EXT 2016"]
[Source "ChessBase"]
[SourceDate "2015.10.08"]
[SourceVersion "1"]
[SourceVersionDate "2015.10.08"]
[SourceQuality "1"]
[TimeControl "40/9000:16/5400:0"]

1. e4 c5 2. Nf3 e6 3. d4 cxd4 4. Nxd4 Nf6 5. Nc3 d6 6. g4 $1 {La redoutable
attaque KERES trés а la mode au début des années 80 et ensuite les GMI ont
choisi de différer la poussée d6.} a6 (6... h6 7. h4 Nc6 8. Rg1 h5 9. gxh5 (9.
g5 Ng4 10. Nb3 Qb6 11. Rg2 Bd7 {Matulovic,M (2530)-Sax,G (2510) Rovinj/Zagreb
1975 (5) 1/2} (11... g6 $5 12. Bf4 Nge5 13. Qe2 a6 14. O-O-O Qc7 15. Kb1 b5
$132 {D'Costa: The sicilian Sheveningen})) 9... Nxh5 10. Bg5 Nf6 11. Qd2 Qb6 {
[%cal Gb6d4]} 12. Nb3 a6 (12... Bd7 $5 13. O-O-O a6) 13. O-O-O Bd7 14. Rh1 $1
Qc7 15. Bg2 Be7 16. f4 O-O-O {Une des rares lignes ou les noirs peuvent jouer
un ooo sans trop de risque} 17. Bf3 Kb8 18. h5 {[%csl Rg7]} Bc8 19. Kb1 Ng8 $1
$13 {[%cal Ge7g5]}) (6... Nc6 7. g5 Nd7 8. Be3 (8. h4) (8. Ndb5)) 7. g5 Nfd7 8.
Bg2 (8. Be3 b5 9. a3 Bb7 10. h4 Be7 11. Qd2 Nc6 12. Nxc6 Bxc6 13. h5 $36) 8...
Nc6 9. Nde2 $6 {[%cal Ge2g3] Les Blancs veulent recycler le N à l'aile-roi
mais ce plan est trop lent et le Nd4 est une pièce importante dans une
sicilienne ouverte.} (9. O-O Be7 10. Kh1 O-O 11. f4 Nxd4 12. Qxd4 e5 13. Qf2 b5
14. Qg3 exf4 15. Bxf4 Bb7 16. Rad1 Rc8 17. Bxd6 Bxd6 18. Qxd6 Nb6 19. Qf4 Qc7
20. Qh4 Qe7 21. Rf6 b4 22. Rd3 Rfd8 23. Rxb6 bxc3 {Beliavsky,A (2620)-Fedder,S
(2400)/ Luzern 1982/EXT 97-B/1/2-1/2 (44)}) 9... Be7 $146 (9... b5 10. Ng3 {
Il est interessant de noter que NIKITINE avait choisi cette suite pour les
blancs car c'était l'auteur d'une monographie au début des années 80 sur la
Scheveningen} Bb7 11. f4 b4 12. Na4 Be7 13. Be3 O-O 14. O-O g6 15. Qg4 Qc7 16.
Rf2 Nd8 17. Rd1 Bc6 18. b3 f5 19. exf5 exf5 20. Qe2 Bxg2 21. Rxg2 Rf7 22. Qd3
Qc6 23. c3 bxc3 24. Nxc3 {Nikitin,A-Simagin,V/Moscow 1964/EXT 2003/1-0 (46)})
10. h4 O-O 11. Ng3 Qb6 12. O-O Re8 13. Rb1 {[%cal Gc1e3]} (13. a3 $5 {[%cal
Gc1e3] Un coup plus économique que Rb1 qui place la R sur une case peu active}
Bf8 14. Be3 Qxb2 15. Qd2 {[%cal Gf1b1]} (15. Na4)) 13... Bf8 14. Kh1 Qc7 15. h5
(15. f4 d5) 15... g6 (15... b5 16. g6 $1 b4 17. Nce2) 16. hxg6 fxg6 (16... hxg6
{[%cal Gf8g7] Plus naturel et il n'est pas facile pour les Blancs de profiter
de l'ouverture de la colonne "h"}) 17. b3 (17. f4) 17... Bg7 18. Bb2 Nb6 $6 {
[%csl Rb6,Rc8] Les Noirs veulent surcontrôler la case "d5" avant de pousser
e5 mais ce plan est trés lent et la poussée b5 semblait davantage dans
l'esprit d'une scilienne ouverte} (18... b5 19. Qd2 Bb7 $132) 19. Qd2 e5 $6 {
[%cal Gd6d5]} (19... Nd4 20. Rbd1) 20. Rbd1 Nd4 $6 (20... Be6) (20... Bg4) 21.
Nce2 $1 Nxe2 (21... Ne6 22. Qxd6 Qxd6 23. Rxd6 Nd7) 22. Nxe2 Bg4 (22... d5 $5 {
Le pion semble perdu, autant le donner et éviter les échanges de pièces qui
favorisent les blancs.} 23. exd5 Bg4 24. c4 Rad8 {[%cal Gb6c8,Gc8d6]} (24...
Nc8 $2 {[%cal Gc8d6]} 25. d6 $1) (24... Bxe2 25. d6 $1 (25. Qxe2 Nc8 (25... Qd6
) 26. f4 $1 {[%cal Ge2e8]})) 25. f3 Bf5 26. Ng3) (22... Rd8 23. c4 {[%csl Rd5,
Rd6]}) 23. f3 Be6 24. Qxd6 Qxc2 25. Rd2 Qc6 26. Rc1 (26. Bxe5) 26... Qxd6 27.
Rxd6 $1 Nc8 28. Rd2 Ne7 {[%cal Ge7c6] Les pièces noires ont des difficultés
pour se coordonner} 29. Rc7 $1 $36 Rab8 30. f4 Nc6 31. fxe5 (31. f5 $1 gxf5 32.
exf5 Bxf5 33. Ng3 $44 {[%csl Gc7,Rg7][%cal Gg3h5]}) 31... Bxe5 32. Rxc6 $1 Bxb2
33. Rxe6 Rxe6 34. Rxb2 $13 {Les Blancs ont des bonnes chances dans cette
finale mais la poisition ouverte doit donner du contre-jeu aux R Noires} Rd8
35. Nc3 Rd4 36. Nd5 Re5 37. Rc2 Rxg5 38. Rc7 Rh5+ 39. Kg1 Rd1+ 40. Kf2 Rd2+ 41.
Kf3 {Ajournement} Rh2 42. Ne3 $1 b5 {Il est trés rare de voir une poussée
aussi tardive dans une scilienne ouverte mais ce coup arrive au mauvais moment.
} (42... g5 43. Rxb7 Rd3 {[%cal Gd3e3,Gh2g2]}) 43. Kg3 Rh5 44. Bf3 Re5 45. Nd5
Re6 46. e5 {[%cal Gd5f6] Avec des menaces de réseau de mat} (46. Bg4 Rxe4 (
46... Re5 47. Kf4) 47. Nf6+) 46... h5 47. Ra7 Rd4 (47... Rxe5 $2 48. Nf6+ Kf8
49. Nd7+ {[%cal Gd7e5,Gd7f8]}) 48. Nf6+ Kf8 49. Bd5 Rd3+ 50. Kh4 Rxf6 51. Ra8+
$1 Kg7 52. exf6+ Kxf6 53. Rxa6+ Kg7 54. Rxg6+ $1 1-0

[Event "Rohde op 12th"]
[Site "Sautron"]
[Date "2012.11.03"]
[Round "9"]
[White "Pancevski, Filip"]
[Black "Oleksienko, Mikhailo"]
[Result "1/2-1/2"]
[WhiteElo "2482"]
[BlackElo "2539"]
[Annotator "Primel,D"]
[PlyCount "82"]
[EventDate "2012.10.27"]
[EventType "swiss"]
[EventRounds "9"]
[EventCountry "FRA"]
[SourceTitle "EXT 2014"]
[Source "ChessBase"]
[SourceDate "2013.11.20"]
[SourceVersion "1"]
[SourceVersionDate "2013.11.20"]
[SourceQuality "1"]
[TimeControl "40/5400+30:1800+30"]
[WhiteClock "1:30:00"]
[BlackClock "1:30:00"]

1. e4 {[%emt 0:00:00]} c5 {[%emt 0:00:00]} 2. Nf3 {[%emt 0:00:00]} d6 {[%emt 0:
00:51]} 3. d4 {[%emt 0:00:00]} cxd4 {[%emt 0:00:04]} 4. Nxd4 {[%emt 0:00:06]}
Nf6 {[%emt 0:00:03]} 5. Nc3 {[%emt 0:00:08]} a6 {[%emt 0:00:03]} 6. h3 {
[%emt 0:00:14] Avec un point de retard sur son adversaire qui menait le
tournoi, les Blancs optent pour une variante aigüe pour jouer pour le gain.} e6
{[%emt 0:02:00]} (6... e5) (6... g6) (6... b5) 7. g4 {[%emt 0:00:10] L'idée de
la variante h3} h6 {[%emt 0:00:37]} (7... d5 8. exd5 Nxd5) (7... b5 8. Bg2 Bb7
9. O-O $32 b4 $6 10. Nd5 {[%csl Re8];Karjakin,S (2732)-Van Wely,L (2681)
Amber-rapid 17th 2008 (5) 1-0}) 8. Bg2 {[%emt 0:00:24]} Qc7 {[%emt 0:01:39]} 9.
Be3 {[%emt 0:04:34]} (9. O-O Nc6 10. Be3 (10. Nde2) 10... Be7 11. f4 Bd7 {
[%cal Gc6d4,Gd7c6]} 12. Nb3 {[%csl Rd7]} b5 13. a3 {Nguyen Anh Dung (2487)
-Arlandi,E (2437) Budapest WFG GM 2000 (3) 1/2} (13. e5 $5 dxe5 14. fxe5 Nh7
15. Nc5 $36)) (9. f4 b5 10. O-O Bb7 11. g5 (11. Qe2 b4 12. Nd5 exd5 13. exd5+
Be7 14. Re1 $44) (11. Re1 Be7 {Nakamura,H (2729)-Movsesian,S (2723) Banska
Stiavnica m blitz 2010 (1) 1-0})) 9... b5 {[%emt 0:01:48]} (9... Nc6 {Un ordre
de coups plus courant et moins risqué} 10. f4 (10. Qe2) 10... Bd7 11. Qe2 Be7
12. O-O-O Rc8 13. Rhe1 b5 $132 {Tolnai,T (2490)-Poluljahov,A (2425) Budapest
Spring op 08th 1992 1/2}) 10. a3 {[%emt 0:15:31] La ligne principale mais
c'est lent et il y a un petit affaiblissement de l'aile-dame} (10. f4 b4) (10.
e5 Bb7 11. Bxb7 Qxb7 12. Qf3 Qxf3 13. Nxf3 dxe5 14. Nxe5 Nbd7 $11 {Timoshenko,
G (2572)-Nisipeanu,L (2638) ROM-chT Brasov 2011 (5.2) 0-1}) 10... Bb7 {[%emt 0:
02:17]} 11. f4 {[%emt 0:01:02]} (11. Qe2 Nbd7 12. f4 Nc5 (12... Nb6) 13. Bf2
Be7 14. Bg3 Nfd7 15. h4 g6 16. O-O-O O-O-O 17. Kb1 Kb8 18. Rhf1 Rc8 19. Nb3
Rhg8 20. Nxc5 Nxc5 21. g5 hxg5 22. fxg5 Rg7 23. e5 d5 24. Rd4 Ka8 25. a4 b4 {
Ravot,S (2278)-Ardelean,G (2510)/Condom 2012/CBM 149 Extra/0-1 (45)}) 11... Nc6
{[%emt 0:11:23]} 12. O-O {[%emt 0:10:34]} Nxd4 $146 {[%emt 0:09:51]} (12... Be7
13. g5 hxg5 14. fxg5 Nd7 15. g6 Nxd4 16. gxf7+ Kf8 17. Bxd4 Bf6 {1/2-1/2
Naiditsch,A (2612)-Movsesian,S (2645)/Merida 2005/EXT 2006}) (12... Na5 $1 {
[%csl Rb2,Rc4] Profitant de l'affaiblissement provoqué par la poussée "a3"} 13.
Qe2 Nc4 {[%csl Rc3,Gc4][%cal Gc4e3,Gc4b2]} 14. Bc1 Be7) 13. Qxd4 (13. Bxd4 $1 {
Plus souple} Be7 14. Qf3 {[%cal Gg4g5,Gf3f7,Ge4e5]} O-O (14... Rc8 15. g5 {
[%cal Gf3f7]} Ng8 (15... Nh7) (15... Nd7 16. Bxg7) 16. Bxg7 Rh7 17. Bd4 hxg5
18. Qg3 $36 {[%cal Gg3g8]}) (14... Nd7 $5 15. Bxg7 Rg8 16. Bxh6 Rg6 17. g5
O-O-O $13 {[%csl Rh6][%cal Gh3h4,Gh4h5]}) 15. g5 hxg5 16. fxg5 Nd7 17. Qh5 Ne5
18. Rf4 {[%cal Gf4h4]} Ng6 19. Rxf7 $1 Kxf7 20. Rf1+ Kg8 21. Qxg6 e5 22. Be3
Rxf1+ 23. Bxf1 Rf8 24. Bd3 $1 {[%cal Gc3d5,Gd3h7,Ge4d5,Gd5c7]} Bd8 {[%cal
Gc7f7]} (24... Rf3 {[%cal Gf3e3]} 25. Nd5 Qd7 (25... Bxd5 26. exd5) 26. Qh5 {
[%cal Gg5g6,Gh5f3]} Rxh3 27. Nxe7+ Kf8 28. Ng6+) 25. Qh5 {[%cal Gg5g6,Gc3d5]} (
25. Nd5 Qf7) 25... g6 (25... Qf7 $4 26. g6) 26. Qxg6+ Qg7 27. Qe6+ Kh8 28. h4 {
[%csl Gh4]} Bc7 (28... Be7 {[%cal Gb7c8]} 29. Nd5 $40) 29. Nd5 {[%cal Gd5f6]})
13... Qc4 $1 {[%emt 0:02:28]} (13... Rc8 {[%cal Gc7c4] Plus solide} 14. Rad1
Be7) (13... Be7 14. Rad1 Rc8 (14... O-O 15. g5 hxg5 16. fxg5 Nh7 (16... Nd7)
17. g6)) 14. Qxc4 {[%emt 0:20:14]} (14. e5 $5 Qxd4 15. Bxd4 Bxg2 16. Kxg2 dxe5
17. fxe5 Rd8 18. Rad1 $32 {[%csl Re8][%cal Gc3e4,Ge4d6]}) 14... bxc4 {[%emt 0:
00:31]} 15. Rfd1 {[%emt 0:00:07]} e5 {[%emt 0:11:18]} (15... Rb8 $5 {[%cal
Gb8b2]}) 16. b4 $1 {[%emt 0:08:24]} cxb3 {[%emt 0:04:30]} 17. cxb3 {[%emt 0:00:
01]} Be7 {[%emt 0:01:08]} 18. Rac1 {[%emt 0:01:50]} O-O {[%emt 0:01:46]} 19. b4
{[%emt 0:10:59]} (19. Nd5 $5 {[%cal Gc1c7]} Nxd5 20. exd5 exf4 (20... Rac8 21.
fxe5) 21. Bxf4 Rac8 22. Kf2 f5 {[%cal Gf8f2]}) 19... exf4 {[%emt 0:17:21]} 20.
Bxf4 {[%emt 0:00:12]} Rfc8 {[%emt 0:00:49]} (20... Rac8 {[%cal Gf8d8] Plus
naturel} 21. Kf2 (21. Bxd6 Bxd6 22. Rxd6 Nxe4 $1 {[%csl Rc1]}) 21... Rc4 $132 {
[%csl Rc1,Rc3][%cal Gf8c8]}) 21. e5 {[%emt 0:09:55]} (21. Nd5 Nxd5 22. exd5 {
[%csl Gc6]} Kf8 23. Rc6 $5 {[%cal Gc6d6] Il est risqué d'acepter la qualité
car la majorité soutenue par la paire de B va trés vite.} (23. Kf2) 23... g5 (
23... Bxc6 24. dxc6 {[%csl Gg2][%cal Ga3a4,Gb4b5,Gf4d6]} Ra7 25. a4 Bg5 26. Bg3
(26. Bxd6+ Be7 27. Bxe7+ Kxe7 28. b5 $40 {[%csl Gb5]})) 24. Bg3 (24. Bxd6 Bxc6
25. dxc6 Bxd6 26. Rxd6 Rd8 27. Rxh6 $13) 24... Bxc6 (24... Ra7 {[%csl Ra7]}) (
24... Ke8 25. Rb6 $40 {[%csl Gb6,Rb7] L'idée sous-jacente au sacrifice Rc6})
25. dxc6 Rab8 $1 {[%cal Gb8b4,Ga6a5]} (25... Ra7 26. a4 {[%cal Gb4b5]}) 26.
Bxd6 Bxd6 27. Rxd6 Kg7 (27... Ke7) 28. Be4 $36 {[%csl Gf5][%cal Gg1f2,Ge4d3,
Gd3a6,Gf2e3,Ge3d4,Gd4c5,Gd4c4,Ga3a4,Gb4b5]}) 21... Bxg2 {[%emt 0:00:48]} 22.
exf6 {[%emt 0:00:08]} Bxf6 {[%emt 0:00:24]} 23. Kxg2 {[%emt 0:00:02]} Rxc3 {
[%emt 0:08:43]} 24. Rxc3 {[%emt 0:00:02]} Bxc3 {[%emt 0:00:03]} 25. Rxd6 {
[%emt 0:00:12]} Bb2 {[%emt 0:01:45]} 26. Rd3 {[%emt 0:00:57]} f5 $1 {[%emt 0:
10:16]} 27. Rb3 {[%emt 0:06:12]} (27. gxf5 Rf8 {[%csl Rf4]}) 27... Ba1 {
[%emt 0:00:15]} 28. Rb1 {[%emt 0:01:49]} Bc3 {[%emt 0:00:13]} 29. Rb3 {[%emt 0:
00:01]} Ba1 {[%emt 0:00:04]} 30. gxf5 {[%emt 0:02:16]} Rf8 {[%emt 0:00:03]} 31.
Kf3 {[%emt 0:07:18]} Rxf5 {[%emt 0:00:06]} 32. Ke4 {[%emt 0:00:02]} Rh5 {
[%emt 0:07:25]} 33. Bg3 {[%emt 0:02:26]} (33. a4 {[%cal Gb4b5]} Rh4 {[%cal
Gg7g5]} 34. b5 (34. Kf5) 34... g5 35. Rf3 gxf4 36. b6 Rh5 37. b7 Re5+ 38. Kxf4
Re8 39. Rb3 Be5+ 40. Kf5 Kf7 41. Rb6 $44 {[%csl Ga4][%cal Ga4a8,Gb6a6,Gb6h6]})
33... Rxh3 {[%emt 0:00:58]} 34. a4 {[%emt 0:00:04]} Bf6 {[%emt 0:00:46]} 35. b5
{[%emt 0:00:50]} axb5 {[%emt 0:00:34]} 36. axb5 {[%emt 0:00:38]} Bh4 {[%emt 0:
01:33]} 37. Kf4 {[%emt 0:00:33] La suite tactique qui va suivre est digne
d'une étude et elle a été jouée en zeitnot.} Bxg3+ {[%emt 0:02:58]} 38. Kg4 $1
{[%emt 0:00:07]} Rh4+ $1 {[%emt 0:00:31]} 39. Kxg3 {[%emt 0:00:01]} Rd4 {
[%emt 0:00:12]} 40. b6 {[%emt 0:00:00]} Rd8 {[%emt 0:00:00]} 41. Kf4 {[%emt 0:
02:41]} Kf7 {[%emt 0:00:56] Cette nulle permet а l'ukrainien de remporter le
tournoi} 1/2-1/2

[Event "Val Thorens op 09th"]
[Site "Val Thorens"]
[Date "1984.07.??"]
[Round "7"]
[White "Seret, Jean Luc"]
[Black "Suba, Mihai"]
[Result "0-1"]
[WhiteElo "2390"]
[BlackElo "2550"]
[Annotator "Primel,D"]
[PlyCount "74"]
[EventDate "1984.07.??"]
[EventType "swiss"]
[EventRounds "9"]
[EventCountry "FRA"]
[SourceTitle "EXT 2021"]
[Source "ChessBase"]
[SourceDate "2020.10.23"]
[SourceVersion "1"]
[SourceVersionDate "2020.10.23"]
[SourceQuality "1"]
[TimeControl "40/7200:20/3600:0"]

1. e4 c5 2. Nf3 d6 3. d4 Nf6 4. Nc3 cxd4 5. Nxd4 e6 6. g4 h6 7. g5 (7. h4 {
La grande ligne de l'attaque Keres} Nc6 8. Rg1) 7... hxg5 8. Bxg5 Nc6 9. Qd2 (
9. h4) 9... Qb6 $1 {Cette idée donne des bons résultats pour les Noirs} 10.
Nb3 a6 (10... Ne5 {[%cal Ge5f3]} 11. Qe2 Bd7 12. O-O-O (12. f4 Ng6 13. f5 Ne5
14. O-O-O a6 15. h4 O-O-O $13 {Steflitsch,E (2388)-Atlas,V (2471) AUT-chT 0304
2003 (7) 0-1})) 11. O-O-O Qc7 (11... Bd7) 12. f4 b5 (12... Bd7 13. Be2 O-O-O
14. h4 Be7 15. h5 Kb8 16. Kb1 Bc8 17. Bf3 Ng8 18. Rdg1 Rh7 19. Qf2 Bxg5 20.
Rxg5 Nge7 21. Rd1 g6 22. hxg6 Nxg6 23. Rh5 Rg7 24. Rg1 Rgg8 25. Rhg5 Nge7 26.
Bh5 Rxg5 27. Rxg5 f5 28. exf5 Nxf5 29. Bg4 Nce7 30. a3 Rf8 31. Be2 Nc6 32. Bd3
Nfe7 33. Qe3 Qd8 34. Nd2 Qc7 35. Rh5 Qd8 36. Ne2 Nd5 37. Qg3 Qa5 38. f5 e5 39.
Nc4 Qc7 40. Rh6 Nf6 41. Nc3 Qe7 42. Ne3 {Karpov,A (2725)-Andersson,U (2590)
Skara 1980 1/2-1/2}) 13. Bg2 Bb7 14. Qe2 $6 $146 {Dans une sicilienne ouverte,
le moindre tempo a beaucoup d'importance et les Blancs vont laissé le GMI
combler son retard de développement.} (14. Kb1 Be7 {1/2-1/2 (14) Gipslis,A 
(2535)-Sax,G (2565) Budapest 1977}) 14... b4 $1 $132 15. Na4 {Non seulement le
coup Qe2 a perdu un tempo, mais elle occupe la case de repli pour le N et le
Na4 va occuper une position instable} Nd7 16. f5 Nde5 (16... Nce5 17. fxe6 fxe6
18. h4 Rb8 19. Bh3 $1 {Et les Noirs n'ont pas la défense Bc8 comme dans la
partie}) 17. fxe6 fxe6 18. h4 Rb8 $1 (18... Rc8 $6 19. Bh3 $1 {[%csl Re6]}) 19.
Bh3 $1 Bc8 20. Kb1 Bd7 $1 {[%cal Gd7a4]} 21. Rhf1 $13 {La position est trés
compliquée avec des chances réciproques même si les Blancs ont toujours le
problème du Na4} Nf7 22. Rxf7 $5 {Un sacrifice de qualité positionnel et
probablement la meilleure chance pratique pour les Blancs} (22. Be3 Rxh4) 22...
Kxf7 23. Rf1+ Kg8 {Le Kg8 est en relative sécurité mais la Rh8 a des
problèmes de développement. Les Blancs ont des compensations raisonnables.}
24. Qxa6 (24. Qf3 $6 {[%cal Gf3f7]} Ne5 $1 $17) 24... Rh7 25. e5 $1 Nxe5 $1 (
25... dxe5 $6 26. Nac5 $44 {[%cal Gc5e6] Et les Blancs ont résolu le
problème du Na4}) 26. Nd4 $1 Re8 $1 $17 {[%csl Re6] Un bon regroupement en
défense pour à la fois surprotéger le P"e6" mais aussi ramener une pièce
en défense} 27. Nb6 Nf7 $1 28. Rxf7 $2 (28. Nb5 $1 {Force l'échange du
défenseur du P"e6"} Bxb5 29. Qxb5 $40 {[%csl Re6,Re8][%cal Gb5e8] Avec des
pièces Blanches trés actives alors que les pièces du GMI sont
désorganisées} Nxg5 30. Qxe8) 28... Kxf7 29. Nxd7 Qxd7 30. Qd3 g6 31. Qf3+
Kg8 $19 {Et l'attaque Blanche a fait long-feu} 32. Qe2 Qa7 33. Bxe6+ Kh8 34.
Bf6+ Bg7 35. Bxg7+ Qxg7 36. Qg4 Rf8 {[%cal Gf8f1]} 37. Bc4 Qf6 0-1